| 000 | 00985nam a22002655a 4500 | ||
|---|---|---|---|
| 003 | OSt | ||
| 005 | 20170409144140.0 | ||
| 008 | 170304s2010 ua frb 000 0 ara d | ||
| 015 | _a2009 / 17284 | ||
| 020 | _a9789770462041 | ||
| 040 |
_aEG-ScBUE _bara _cEG-ScBUE |
||
| 043 | _af-ae--- | ||
| 082 | 0 | 4 |
_a346.65096 _bع ا ئ _222 |
| 100 | 1 | _aعائبي، بشير. | |
| 245 | 1 | 2 |
_aالامتناع عن الوفاء في الشيك وآثاره : _bطبقا لأحدث تعديلات القانون التجاري / _cبشير العائبي. |
| 250 | _aط. 1. | ||
| 260 |
_aالقاهرة : _bدار النهضة العربية، _c2010. |
||
| 300 |
_a128 ص. ؛ _c24 سم. |
||
| 504 | _aيشتمل على إرجاعات ببليوجرافية. | ||
| 650 | 7 |
_aالشيكات _xقوانين وتشريعات _zالجزائر. _2BUEsh |
|
| 650 | 7 |
_aالقانون التجاري _zالجزائر. _2BUEsh |
|
| 651 | _2BUEsh | ||
| 653 |
_bLLAAWW _cMarch2017 _cApril2017 |
||
| 942 | _2ddc | ||
| 999 |
_c24308 _d24280 |
||